Normal view
MARC view
- Morton, H.V
Entry Personal Name
001 - CONTROL NUMBER
- control field: 107897
003 - CONTROL NUMBER IDENTIFIER
- control field: NUST
005 - DATE AND TIME OF LATEST TRANSACTION
- control field: 20230127122704.0
008 - FIXED-LENGTH DATA ELEMENTS
- fixed length control field: 230127|| aca||aabn | a|a d
040 ## - CATALOGING SOURCE
- Original cataloging agency: NUST
- Transcribing agency: NUST
100 ## - HEADING--PERSONAL NAME
- Personal name: Morton, H.V
670 ## - SOURCE DATA FOUND
- Source citation: Work cat.: (NUST)186172: Morton, H.V, In Search of Wales /, 1936
